Culture Générale - Série 355 - Statistiques

Statistiques générales
  • Ce quiz a été pris 250 fois
  • Le résultat moyen est 5 sur 10
Statistiques - réponses
Question Réponse % Correct
De quelle couleur est la fleur du colza ? Jaune
96%
Quelle capitale abrite le célèbre théatre du Bolchoï ? Moscou
95%
Dans quel art Camille Pissaro s'est-il illustré ? La peinture
89%
Quel philosophe est l'auteur de "Critique de la raison pure" en 1781 ? Emmanuel Kant
51%
Dans quel département la ville de Lons-le-Saunier se situe-t-elle ? Le Jura
51%
Dans quel sport Abdelatif Benazzi s'est-il illustré ? Le rugby
37%
Quel "monsieur" Alain Delon a-t-il incarné dans un film de Joseph Losey ? Monsieur Klein
32%
Laquelle des "Desperate Housewives" est un ancien mannequin ? Gabrielle
29%
Quelle est la profession de Vic Mackey dans la série "The Shield" ? Policier
27%
Quel terme désigne l'équilibre d'un cavalier sur sa selle ? L'assiette
19%
Aucun quiz correspondant
Distribution des résultats
% des personnes avec chaque résultat
Percentile par nombre de réponses
Votre historique - résultats
Vous n’avez pas pris ce quiz